Načítá se...

Housewives in consumer coops

Podrobná bibliografie
Hlavní autor: ICA Report
Médium: Printed Book
Jazyk:Undetermined
Vydáno: New Delhi International cooperative alliance 1989
LEADER 00516nam a2200133Ia 4500
008 161229s9999 xx 000 0 und d
082 |a 334.5 INT/HO 
100 |a ICA Report 
245 |a Housewives in consumer coops 
260 |b International cooperative alliance  |a New Delhi  |c 1989 
300 |a 141 
942 |c BK 
999 |c 150550  |d 150550 
952 |0 0  |1 0  |4 0  |6 334_500000000000000_INTHO  |7 0  |9 149592  |a KAUCLV  |b KAUCLV  |d 2016-12-29  |g 100.00  |o 334.5 INT/HO  |p 901859  |r 2016-12-29  |w 2016-12-29  |y BK  |z Book transferred from CCBM Library ,Acc.No:623